فهرس المخطوطات فى المكتبة الاحمدية / (Record no. 59704)
[ view plain ]
| 000 -الفاتح | |
|---|---|
| حقل البيانات ثابتة الطول | 00578nam a2200181Ia 4500 |
| 008 - عناصر البيانات ثابتة الطول - معلومات عامة | |
| حقل البيانات ثابتة الطول | 140319s9999 xx 000 0 ara d |
| 040 ## - مصدر الفهرسة | |
| وكالة الفهرسة الأصلية | GCL / |
| وكالة النسخ | GCL |
| 082 04 - رقم تصنيف ديوى العشرى | |
| رقم التصنيف | م |
| رقم المادة | 010.28 |
| -- | م ف |
| 100 1# - المدخل الرئيسى - إسم شخصى | |
| الإسم الشخصى | المكتبة التجارية |
| 245 10 - بيان العنوان | |
| العنوان | فهرس المخطوطات فى المكتبة الاحمدية / |
| بيان المسئوليه,etc | المكتبة التجارية |
| 300 ## - الوصف المادى | |
| التعداد | 112 ص |
| 650 04 - المدخل الاضافى بالموضوع-مصطلح موضوعى | |
| مصطلح موضوعي | المخطوطات العربية |
| 650 04 - المدخل الاضافى بالموضوع-مصطلح موضوعى | |
| مصطلح موضوعي | المخطوطات |
| 650 04 - المدخل الاضافى بالموضوع-مصطلح موضوعى | |
| مصطلح موضوعي | الفهارس |
| 650 04 - المدخل الاضافى بالموضوع-مصطلح موضوعى | |
| مصطلح موضوعي | مخطوطات المكتبة الاحمدية |
| 942 ## - عناصر المدخل الإضافي( كوها) | |
| مصدر التصنيف او مخطط الترفيف | Dewey Decimal Classification |
| Koha [default] item type | المراجع |
| حالة التراجع | حالة الفقد | حالة تلف | ليس للاعارة | المكان المؤقت | الموقع الحالى | تاريخ الاكتساب | اجمالي اﻻعارات | رقم الطلب | الباركود | تاريخ اخر مشاهدة | تاريخ تفعيل السعر | نوع وعاء كوها |
|---|---|---|---|---|---|---|---|---|---|---|---|---|
| مكتبة القاهرة الكبرى | مكتبة القاهرة الكبرى | 03/26/2014 | م\010.28\م ف | 158410 | 03/26/2014 | 03/26/2014 | المراجع | |||||
| مكتبة القاهرة الكبرى | مكتبة القاهرة الكبرى | 03/26/2014 | م\010.28\م ف | 158411 | 03/26/2014 | 03/26/2014 | المراجع | |||||
| مكتبة القاهرة الكبرى | مكتبة القاهرة الكبرى | 03/26/2014 | م\010.28\م ف | 158412 | 03/26/2014 | 03/26/2014 | المراجع | |||||
| مكتبة القاهرة الكبرى | مكتبة القاهرة الكبرى | 03/26/2014 | م\010.28\م ف | 158413 | 03/26/2014 | 03/26/2014 | المراجع | |||||
| مكتبة القاهرة الكبرى | مكتبة القاهرة الكبرى | 03/26/2014 | م\010.28\م ف | 158414 | 03/26/2014 | 03/26/2014 | المراجع | |||||
| مكتبة القاهرة الكبرى | مكتبة القاهرة الكبرى | 03/26/2014 | م\010.28\م ف | 158415 | 03/26/2014 | 03/26/2014 | المراجع | |||||
| مكتبة القاهرة الكبرى | مكتبة القاهرة الكبرى | 03/26/2014 | م\010.28\م ف | 158416 | 03/26/2014 | 03/26/2014 | المراجع | |||||
| مكتبة القاهرة الكبرى | مكتبة القاهرة الكبرى | 03/26/2014 | م\010.28\م ف | 158417 | 03/26/2014 | 03/26/2014 | المراجع |

